青果集

資料類型: Book 圖書   書目號:29519

Leader xxxxxxxxxx
001 __ 85035680
005 __ 19960814125513.0
008 __                                    chi  
010 0_ |a|b平裝|dNT$90
100 __ |a19920518d1973     bb 1chiy0109    e.
101 __ |a
102 __ |acw.
105 __ |ayyyyzzzz000yy.
200 1_ |a青果集|e|f阿濃著.
205 __ |a初版
210 __ |a臺北市|c文帥出版|d民76
215 0_ |a224面.|c|d19公分
225 __ |a綺麗文庫|v3
260 1_ |a1973.
681 __ |a856.9
700 _1 |a|b|f1928-|4著.
702 __ |a|b|4
801 _0 |bTML.
  
詳細館藏(共 1 筆)
索 書 號登 錄 號冊次號館別 / 館藏地流通類型狀態加入預約清單電子資源
855 / 8830 2012241  圖書館 / 一樓普通區 可外借30天 在館   

| 條列資料




目錄查詢 分類查詢 個人資料 圖書薦購 新書查詢 閉館日 排行榜 更多電子資源 Hami書城 線上資料庫 登出

From : 216.73.216.116

  本日流通累計至 13:58:02 借閱 : 6 次 續借 : 0 次 歸還 : 9 次 預約 : 0 次 電子資源 : 0 次


內湖高中圖書館  PCLIS 版本  25.5.0.2